Catalogue of Soil and Land Capability Management/ (Record no. 211533)
[ view plain ]
| 000 -LEADER | |
|---|---|
| fixed length control field | 00792nam a22002297a 4500 |
| 005 - DATE AND TIME OF LATEST TRANSACTION | |
| control field | 20250603151618.0 |
| 010 ## - LCCN (DPL NO) | |
| LC control number | ENG-145128 |
| 020 ## - INTERNATIONAL STANDARD BOOK NUMBER | |
| International Standard Book Number | 9788196866310 |
| Terms of availability | 400.00 |
| 035 ## - SYSTEM CONTROL NUMBER | |
| System control number | EN-128660 |
| 037 ## - SOURCE OF ACQUISITION | |
| Source of stock number/acquisition | DBAD |
| 082 ## - DEWEY DECIMAL CLASSIFICATION NUMBER | |
| Classification number | 363.7 |
| Edition number | 1 |
| 100 ## - MAIN ENTRY--PERSONAL NAME | |
| Personal name | Gayathri, P. |
| 245 ## - TITLE STATEMENT | |
| Title | Catalogue of Soil and Land Capability Management/ |
| Statement of responsibility, etc | P. Gayathri...[et.al] |
| 250 ## - EDITION STATEMENT | |
| Edition statement | 1 |
| 260 ## - PUBLICATION, DISTRIBUTION, ETC. (IMPRINT) | |
| Place of publication, distribution, etc | Tamil Nadu |
| Name of publisher, distributor, etc | Shanlax Publications |
| Date of publication, distribution, etc | 2023 |
| 270 ## - ADDRESS | |
| Address | Shanlax Publications 61,66 T.P.K.Main Road Vasantha Nager Madurai |
| City | Tamil Nadu |
| Electronic mail address | publisher@shanlaxpublications.com |
| Postal code | 625003 |
| 300 ## - PHYSICAL DESCRIPTION | |
| Extent | 218p. |
| Dimensions | 25cm(pb) |
| 700 ## - ADDED ENTRY--PERSONAL NAME | |
| Personal name | Vigneshwaran, R. |
| Relator term | Author |
| 9 (RLIN) | 81579 |
| 700 ## - ADDED ENTRY--PERSONAL NAME | |
| Personal name | R. Ajaykumar |
| Relator term | Author |
| 9 (RLIN) | 81580 |
| 700 ## - ADDED ENTRY--PERSONAL NAME | |
| Personal name | S.R. Shri Rangasami |
| Relator term | Author |
| 9 (RLIN) | 81581 |
| 942 ## - ADDED ENTRY ELEMENTS (KOHA) | |
| Source of classification or shelving scheme | Dewey Decimal Classification |
| Item type | English Books |
| Classification part | 3363.7 |
| Call number suffix | GAY |
| Withdrawn status | Lost status | Not for loan | Collection code | Home library | Current library | Date acquired | Source of acquisition | Cost, normal purchase price | Full call number | Barcode | Copy number | Cost, replacement price | Koha item type |
|---|---|---|---|---|---|---|---|---|---|---|---|---|---|
| Non-fiction | New Police Line | New Police Line | 03/06/2025 | Delivery of Books Act Division | 400.00 | 3363.7 GAY | EN-128660 | 1 | 400.00 | English Books |
